Proceedings of the National Conference on frontier areas in geological and technological aspects of fossil fuel and mineral resources (GTFM - 2006), Nov. 2-4, 2006 organized by Indian School of Mines, Dhanbad/ (Record no. 8599)

MARC details
000 -LEADER
fixed length control field 01064 a2200241 4500
010 ## - LIBRARY OF CONGRESS CONTROL NUMBER
LC control number ENG-88517
020 ## - INTERNATIONAL STANDARD BOOK NUMBER
International Standard Book Number 8184241259
Terms of availability 920.00
035 ## - SYSTEM CONTROL NUMBER
System control number EN-72050
037 ## - SOURCE OF ACQUISITION
Source of stock number/acquisition DBAD / PUB
082 14 - DEWEY DECIMAL CLASSIFICATION NUMBER
Classification number 553.2
090 ## - LOCALLY ASSIGNED LC-TYPE CALL NUMBER (OCLC); LOCAL CALL NUMBER (OCLC)
-- 8757
-- 8757
111 #1 - MAIN ENTRY--MEETING NAME
Meeting name or jurisdiction name as entry element National Conference on Frontier areas in Geological and Technological Aspects of Fossil Fuel and Mineral Resources
Location of meeting Dhanbad, India
Date of meeting November 2-4, 2006
245 #1 - TITLE STATEMENT
Title Proceedings of the National Conference on frontier areas in geological and technological aspects of fossil fuel and mineral resources (GTFM - 2006), Nov. 2-4, 2006 organized by Indian School of Mines, Dhanbad/
Statement of responsibility, etc edited by Atul K. Varma ... [et al]
260 ## - PUBLICATION, DISTRIBUTION, ETC. (IMPRINT)
Place of publication, distribution, etc New Delhi
Name of publisher, distributor, etc Allied Publishers
Date of publication, distribution, etc 2006
270 ## - ADDRESS
Address A-104, Mayapuri, Phase-II,
City New Dehli
Postal code 110 064
300 ## - PHYSICAL DESCRIPTION
Extent xii, 344p.
Dimensions 25cm (Hb )
700 ## - ADDED ENTRY--PERSONAL NAME
Personal name Varma, Atul K.
700 ## - ADDED ENTRY--PERSONAL NAME
Personal name Venkatesh, A.S.
700 ## - ADDED ENTRY--PERSONAL NAME
Personal name Dhar, Y.R.
700 ## - ADDED ENTRY--PERSONAL NAME
Personal name Saxena, V.K.
942 ## - ADDED ENTRY ELEMENTS (KOHA)
Institution code [OBSOLETE] dpl
Koha item type English Books
Call number prefix 553.2 / NAT
Holdings
Withdrawn status Lost status Source of classification or shelving scheme Damaged status Not for loan Collection code Home library Current library Source of acquisition Cost, normal purchase price Total Checkouts Full call number Barcode Date last seen Copy number Uniform Resource Identifier Cost, replacement price Price effective from Koha item type
    Dewey Decimal Classification   Not For Loan Non-fiction D.B.Act.Division D.B.Act.Division DBAD/PUB 920.00   553.2 EN-72050 15/09/2008 1 9539 920.00 15/09/2008 English Books

© Delhi Public Library
Hit Counter
free hit counter